000 00663nam a2200265Ia 4500
005 20260121165824.0
008 008 260114s9999 xx 000 0 eng d
020 _a9781489975942
037 _aEBOOK
040 _aCRL
040 _beng
040 _cCRL
041 _2eng
041 _aeng
084 _qCRL
100 _aTerry L. Friesz, David Bernstein
_91056458
245 0 _aFoundations of Network Optimization and Games
260 _bSpringer
260 _bSpringer
260 _c2016
856 _uhttps://link.springer.com/openurl?genre=book&isbn=978-1-4899-7594-2
942 _cEBOOK
999 _c1622186
_d1622186